00790nam a22002057a 450000500170000001000150001702000260003203500140005803700090007208200150008110000250009624501100012125000060023126000440023727000780028130000210035994200290038099900190040995201560042820250522142546.0 aENG-144938 a9788119264223c399.00 aEN-128470 bDBAD a355.82121 aBanerji, D K 981316 aOperation India: bDoes Excessive Nationalism or Religious Fanaticism Constitute Extremism?/cD K Banerji a1 aNoidac2023bJAI3E Books and Publishing a2203, Express Trade Towers-2, Sector-132mjaip3e@gmail.combNoidae201304 a337p.c22cm (pb) 2ddccENh355.821mBANe1 c211372d211372 001040708NFICaAVbAVd2025-05-22eDelivery of Books Act Divisiong399.00l0o355.821 BANpEN-128470r2025-05-22 00:00:00t1v399.00w2025-05-22yEN